[Event "Bajmok op 9th"]
[Site "Bajmok"]
[Date "2006.12.29"]
[Round "9"]
[White "Jovicic, Aleksandar"]
[Black "Aradski, Branislav"]
[Result "1-0"]
[WhiteElo "2076"]
[BlackElo "2014"]
[PlyCount "89"]
[EventDate "2006.12.09"]
[EventType "swiss"]
[EventRounds "9"]
[EventCountry "SRB"]
[SourceTitle "EXT 2022"]
[Source "ChessBase"]
[SourceDate "2021.10.06"]
[SourceVersion "1"]
[SourceVersionDate "2021.10.06"]
[SourceQuality "1"]

1. Nf3 g6 2. c4 Bg7 3. g3 e5 4. d3 d6 5. Bg2 Ne7 6. 0-0 0-0 7. Nc3 c5 8. Rb1 Nbc6 9. a3 a5 10. Nb5 h6 11. e3 f5 12. d4 g5 13. dxc5 dxc5 14. Nd2 e4 15. f3 exf3 16. Nxf3 Ng6 17. Qc2 f4 18. gxf4 gxf4 19. e4 Bg4 20. Bd2 Qe7 21. Bc3 Nce5 22. Bxe5 Nxe5 23. Nxe5 Qxe5 24. Bf3 Be6 25. b3 Bd7 26. Rbd1 Bc6 27. Nd6 Rad8 28. Nf5 Rxd1 29. Qxd1 Rf7 30. Qc2 Rd7 31. Qg2 Rd3 32. Nxh6+ Kf8 33. Nf5 Rxb3 34. Nh4 Be8 35. Ng6+ Bxg6 36. Qxg6 Qf6 37. Qg4 Qd6 38. Kh1 Rxa3 39. Qf5+ Ke7 40. Bh5 Be5 41. Qf7+ Kd8 42. Qxb7 Ra1 43. Qa8+ Kc7 44. Rxa1 Bxa1 45. Qxa5+ 1-0

[Event "Bajmok op 9th"]
[Site "Bajmok"]
[Date "2006.12.22"]
[Round "6"]
[White "Gabric, Goran"]
[Black "Aradski, Branislav"]
[Result "1/2-1/2"]
[WhiteElo "1990"]
[BlackElo "2014"]
[PlyCount "33"]
[EventDate "2006.12.09"]
[EventType "swiss"]
[EventRounds "9"]
[EventCountry "SRB"]
[SourceTitle "EXT 2022"]
[Source "ChessBase"]
[SourceDate "2021.10.06"]
[SourceVersion "1"]
[SourceVersionDate "2021.10.06"]
[SourceQuality "1"]

1. e4 e5 2. Nf3 Nc6 3. Bb5 a6 4. Ba4 Nf6 5. 0-0 Be7 6. Re1 b5 7. Bb3 d6 8. c3 0-0 9. h3 Na5 10. Bc2 c5 11. d4 Qc7 12. Nbd2 cxd4 13. cxd4 Bb7 14. Nf1 Rfc8 15. Re2 Nc4 16. b3 Nb6 17. Bb2 1/2-1/2

[Event "Bajmok op 9th"]
[Site "Bajmok"]
[Date "2006.12.09"]
[Round "1"]
[White "Petrekanovic, Miroslav"]
[Black "Aradski, Branislav"]
[Result "0-1"]
[WhiteElo "2094"]
[BlackElo "2014"]
[PlyCount "88"]
[EventDate "2006.12.09"]
[EventType "swiss"]
[EventRounds "9"]
[EventCountry "SRB"]
[SourceTitle "EXT 2022"]
[Source "ChessBase"]
[SourceDate "2021.10.06"]
[SourceVersion "1"]
[SourceVersionDate "2021.10.06"]
[SourceQuality "1"]

1. d4 g6 2. Nf3 Bg7 3. c4 Nf6 4. Nc3 0-0 5. e4 d6 6. Be2 Nc6 7. 0-0 e5 8. d5 Ne7 9. b4 Ne8 10. c5 f5 11. Nd2 f4 12. Bg4 Nf6 13. Bxc8 Qxc8 14. Ba3 Rf7 15. Rc1 Qd7 16. Qe2 g5 17. cxd6 cxd6 18. Qb5 Ng6 19. Qxd7 Rxd7 20. Nb5 Ne8 21. Nc4 h5 22. Rc2 g4 23. Rfc1 Nh4 24. Nd2 f3 25. g3 Ng2 26. Rc8 Rxc8 27. Rxc8 Kf7 28. Nxa7 Bh6 29. Nc4 Nf6 30. Nb6 Re7 31. Rc4 Ne3 32. fxe3 Bxe3+ 33. Kf1 Bxb6 34. Nc8 Bd4 35. Nxd6+ Kg6 36. b5 Rd7 37. Bb4 h4 38. gxh4 Rxd6 39. Bxd6 Nxe4 40. Rxd4 exd4 41. Bb4 d3 42. Ke1 f2+ 43. Kf1 Kf5 44. a4 Kf4 0-1

[Event "Bajmok op 8th"]
[Site "Bajmok"]
[Date "2006.01.03"]
[Round "6"]
[White "Aradski, Branislav"]
[Black "Brindza, Istvan"]
[Result "0-1"]
[WhiteElo "2022"]
[BlackElo "2072"]
[PlyCount "42"]
[EventDate "2005.12.23"]
[EventType "swiss"]
[EventRounds "9"]
[EventCountry "YUG"]
[SourceTitle "CBM 110 Extra"]
[Source "ChessBase"]
[SourceDate "2006.03.10"]
[SourceVersion "2"]
[SourceVersionDate "2006.03.10"]
[SourceQuality "1"]

1. g3 d5 2. Bg2 c6 3. d3 e5 4. Nd2 f5 5. c4 Nf6 6. cxd5 cxd5 7. Nh3 Nc6 8. 0-0 Be7 9. e4 0-0 10. f4 dxe4 11. Qb3+ Kh8 12. Ng5 Qd4+ 13. Kh1 h6 14. Nf7+ Kh7 15. Nxe5 Nxe5 16. fxe5 Ng4 17. Bh3 Nf2+ 18. Kg2 Nxh3 19. Kxh3 f4+ 20. Kg2 f3+ 21. Kh1 Bh3 0-1